| 000 | 00785 a2200157 4500 | ||
|---|---|---|---|
| 003 | Nust | ||
| 005 | 20230123123136.0 | ||
| 040 | _cNust | ||
| 082 | _a808.84,TRI | ||
| 100 |
_aLionel Trilling _9107424 |
||
| 245 |
_aThe Liberal Imagination Essays on Litrature and Society / _cLionel Trilling |
||
| 260 |
_aUSA _bDoubleday Anchor _c1957 |
||
| 300 | _a293p; | ||
| 505 | _aReality in America (Page-1), Sherwood Anderson (Page-20), Freud and Literature (Page-32), The Princess Casamassima (Page-55), Huckleberry Finn (Page-100), Kipling (Page-114), The Immortality Ode (Page-125), Art and Neurosis (Page-155), The Sense of the Past (Page-176), Tactius Now (Page-192), The Kinsey Report (Page-216), Art and Fortune (Page-247), The Meaning of a Literary Idea (Page-272). | ||
| 942 |
_2ddc _cBK |
||
| 999 |
_c194196 _d194196 |
||